000 00322nam a2200121Ia 4500
008 220204s9999 xx 000 0 und d
082 _a028.1625
_bOFL
245 0 _aChemistry and technology of leather. 3 V
260 _aNew York
_bKrieger
_c1977
505 _aV 2, 3, 4 available
700 _aOflaherty, Fred
942 _cBK
999 _c28355
_d28355